00432nam a2200157 a 450000100060000000300090000600800410001504000280005608200180008410000340010224500380013625000070017426000520018130000200023365000210025312351CO-ViMGA141112s2004 ck r 000 u spa d aCO-ViMGAbspacCO-ViMGA04a616.026 H17pl1 aWilson, Jean Braunwald Eugene10aPrincipios de la Medicina Interna a12 aMexico : bInterAméricana McGraw Hill, c1991 a1187p. : il. 2v14aMEDICINA INTERNA